000 01159namaa22003131i 4500
003 EG-GICUC
005 20260409103800.0
008 260409s2012 ts ||||jr|||| 000 0 ara d
020 _a9789938053340
040 _aEG-GiCUC
_bara
_cEG-GiCUC
_dEG-GiCUC
_erda
043 _af-ti---
082 0 4 _221
_a321.09409611
_bK9683
092 0 4 _221
_a321.09409611
_bK9683
099 _a321.09409611 K9683
100 1 _aالكريشى، خالد
_eمؤلف.
245 1 0 _aعن العشق والثورة :
_bحديث ما قبل 14 جانفى 2011 /
_cخالد الكريشى ؛ تقديم الدكتور محمد المنصف المرزوقى
250 _aالطبعة الاولى
264 _aتونس :
_b[غير محدد]،
_c2012.
300 _a224 : صفحة
_bصور،
_c24 سم
336 _2rdacontent
_atext
337 _2rdamedia
_aUnmediated
338 _2rdacarrier
_avolume
541 _aد. جابر عصفور ؛
_bالقاهرة ؛
_cإهداء ؛
_d2024.
650 1 7 _2qrmak
651 1 _2qrmak
_aتونس
_xتاريخ
_xثورات
700 1 _aالمرزوقى، محمد المنصف
_eمقدم.
905 _aNermeen
942 _2ddc
_cBK
_e21
_n0
999 _c179323
_d179323